000 00792nam a2200229 a 4500
001 47171
003 BD-RjUL
005 20211209054253.0
008 160807s2012 bg ||||| |||| 00| 0 ben d
020 _a9789848934326
035 _a(BD-RjUL)47290
040 _aBD-RjUL
_bben
_cBD-RjUL
041 _aben
082 _a500
_223
_bPAB 2012
100 _aপাল, নিশীথ কুমার
_9119563
245 1 0 _aবিজ্ঞানের জানার আছে অনেক কিছু ২ /
_cনিশীথ কুমার পাল
260 _aঢাকা :
_bআলেয়া বুক ডিপো,
_c২০১২
300 _a১৫৮ পৃ. ;
_c২১ সেমি.
650 _aবিজ্ঞান
_9143632
650 _aScience
_9143633
942 _2ddc
_cBK
999 _c47171
_d47171